Půda není jenom kapitálem.

V posledných rokoch vo vyspelých štátoch tendencia považovať pôdu za statok, ktorý je celospoločenským majetkom ako more, ovzdušie a pod. Veľkosť tohto statku je obmedzená a ľudstvo na ňom iba hospodári, čo by sa malo odraziť vo vlastníctve, rente, prenájme, v cenách, spôsobe využívania atď. Je potr...

Ausführliche Beschreibung

Gespeichert in:
Bibliographische Detailangaben
1. Verfasser: Kolář, J.
Format: Buchkapitel
Sprache:Tschechisch
Schlagworte:
Tags: Tag hinzufügen
Keine Tags, Fügen Sie das erste Tag hinzu!

MARC

LEADER 00000naa a2200000 4500
001 r001145
005 20221125080220.1
041 0 |a cze 
044 |a [CS] 
245 1 0 |a Půda není jenom kapitálem.  |c J. Kolář 
520 |a V posledných rokoch vo vyspelých štátoch tendencia považovať pôdu za statok, ktorý je celospoločenským majetkom ako more, ovzdušie a pod. Veľkosť tohto statku je obmedzená a ľudstvo na ňom iba hospodári, čo by sa malo odraziť vo vlastníctve, rente, prenájme, v cenách, spôsobe využívania atď. Je potrebné nájsť modely privatizácie pôdy v postkomunistických krajinách. Tieto otázky sa riešili na sympóziu v New Yorku. 
610 2 0 |a pôda 
610 2 0 |a statky verejné 
610 2 0 |a vlastníctvo 
610 2 0 |a privatizácia 
610 2 0 |a sympóziá 
610 2 0 |a New York 
610 2 0 |a 1991 
100 1 |a Kolář, J.